<?xml version="1.0" encoding="UTF-8"?>
<record
    xmlns:xsi="http://www.w3.org/2001/XMLSchema-instance"
    xsi:schemaLocation="http://www.loc.gov/MARC21/slim http://www.loc.gov/standards/marcxml/schema/MARC21slim.xsd"
    xmlns="http://www.loc.gov/MARC21/slim">

  <leader>01520    a2200241   4500</leader>
  <controlfield tag="001">15189</controlfield>
  <controlfield tag="005">20260407155449.0</controlfield>
  <controlfield tag="008">260407a2006    arg                 spa d</controlfield>
  <controlfield tag="003">AR-UNSa-BCEJYS</controlfield>
  <datafield tag="040" ind1=" " ind2=" ">
    <subfield code="a">AR-UNSa-BCEJYS</subfield>
    <subfield code="b">spa</subfield>
    <subfield code="c">AR-UNSa-BCEJYS</subfield>
  </datafield>
  <datafield tag="080" ind1=" " ind2=" ">
    <subfield code="a">004.5</subfield>
    <subfield code="x">Interacci&#xF3;n hombre-ordenador. Interfaz hombre-m&#xE1;quina. Interfaz del usuario. Entorno del usuario </subfield>
  </datafield>
  <datafield tag="245" ind1="1" ind2="0">
    <subfield code="a">Dise&#xF1;o de interfaces de usuario</subfield>
    <subfield code="p">estrategias para una interacci&#xF3;n persona-computadora efectiva</subfield>
  </datafield>
  <datafield tag="020" ind1=" " ind2=" ">
    <subfield code="a">978-84-205-4803-6</subfield>
  </datafield>
  <datafield tag="250" ind1=" " ind2=" ">
    <subfield code="a">4a. ed.</subfield>
  </datafield>
  <datafield tag="264" ind1=" " ind2="1">
    <subfield code="a">Madrid :</subfield>
    <subfield code="b">Pearson Educaci&#xF3;n</subfield>
    <subfield code="c">2006</subfield>
  </datafield>
  <datafield tag="300" ind1=" " ind2=" ">
    <subfield code="a">xvi, 722 p.</subfield>
    <subfield code="c">24 cm.</subfield>
  </datafield>
  <datafield tag="505" ind1=" " ind2=" ">
    <subfield code="a">1. Usabilidad de sistemas interactivos - 2. Gu&#xED;as, principios y teor&#xED;as - 3. Gesti&#xF3;n de procesos de dise&#xF1;o - 4. Evaluaci&#xF3;n de dise&#xF1;os de interfaz - 5. Herramientas software - 6. Manipulaci&#xF3;n directa y entornos virtuales - 7. Men&#xFA;s, formularios y cuadros de di&#xE1;logo - 8. Lenguajes de &#xF3;rdenes y lenguaje natural - 9. Dispositivos de interacci&#xF3;n - 10. Colaboraci&#xF3;n - 11. Calidad de servicio - 12. Equilibrio entre funcionalidad y apariencia - 13. Manuales de usuario, ayuda en l&#xED;nea y tutoriales - 14. B&#xFA;squeda y visualizaci&#xF3;n de informaci&#xF3;n - 15. Impacto individual y social de las interfaces de usuario</subfield>
  </datafield>
  <datafield tag="942" ind1=" " ind2=" ">
    <subfield code="c">BK</subfield>
  </datafield>
  <datafield tag="590" ind1=" " ind2=" ">
    <subfield code="a">niveau_biblio:m niveau_hierar:0</subfield>
  </datafield>
  <datafield tag="100" ind1="1" ind2=" ">
    <subfield code="a">Shneiderman, Ben</subfield>
  </datafield>
  <datafield tag="700" ind1="1" ind2=" ">
    <subfield code="a">Plaisant, Catherine</subfield>
  </datafield>
  <datafield tag="856" ind1="4" ind2="1">
    <subfield code="u">https://biblioeco.unsa.edu.ar/pmb/images/libros/Dise?o de Interfaces de Usuario-l119003.jpg</subfield>
    <subfield code="y">Imagen de portada</subfield>
    <subfield code="q">image/jpeg</subfield>
  </datafield>
  <datafield tag="999" ind1=" " ind2=" ">
    <subfield code="c">637</subfield>
    <subfield code="d">637</subfield>
  </datafield>
  <datafield tag="952" ind1=" " ind2=" ">
    <subfield code="0">0</subfield>
    <subfield code="1">0</subfield>
    <subfield code="4">0</subfield>
    <subfield code="7">0</subfield>
    <subfield code="a">BCEJYS</subfield>
    <subfield code="b">BCEJYS</subfield>
    <subfield code="c">16</subfield>
    <subfield code="d">2026-04-07</subfield>
    <subfield code="l">0</subfield>
    <subfield code="o">004.5 S558</subfield>
    <subfield code="p">L119003</subfield>
    <subfield code="r">2026-04-07 15:54:49</subfield>
    <subfield code="w">2026-04-07</subfield>
    <subfield code="y">L</subfield>
  </datafield>
</record>
